000 01132cam a2200325 a 4500
001 15524211
003 SISC
005 20161124131740.0
008 081117s2009 enkab b 001 0 eng
010 _a 2008050076
015 _aGBA8D1683
_2bnb
016 7 _a014821996
_2Uk
020 _a9781844076604 (hardback)
020 _a1844076601 (hardback)
035 _a(OCoLC)ocn276141233
040 _aDLC
_cDLC
_dUKM
_dBTCTA
_dYDXCP
_dBWKUK
_dBWK
_dBWX
_dNLGGC
_dCDX
_dDLC
043 _aa------
050 0 0 _aG 155.A74
_b.D66 2009
082 0 0 _a338.4/7915
084 _a76.60
_2bcl
245 0 0 _aDomestic tourism in Asia :
_bdiversity and divergence /
_cedited by Shalini Singh.
260 _aLondon ;
_aSterling, VA :
_bEarthscan,
_c2009.
300 _axxviii, 335 pages :
_billustrations, maps ;
_c25 cm.
500 _aIncludes bibliographical references and index.
650 0 _aTourism
_zAsia.
700 1 _aSingh, Shalini.
906 _a7
_bcbc
_corignew
_d1
_eecip
_f20
_gy-gencatlg
942 _2lcc
_cBK
999 _c305292
_d305292